00983 2200337 4500001002100000005001500021035002000036007000300056040001700059100003200076245009200108250001200200300002800212504002400240020002200264041000800286082001000294084001600304090002200320264005000342336002100392337003000413338002300443500004400466650001700510700003500527850001000562008004100572990001600613990001600629INLIS00000000000836920260526111125 a0010-0922000858ta aSBPUPADbind aNattaya LakshitaePengarang1 aPerencanaan dan metode budi daya kelinci hias /cNattaya Lakshita ; penyunting, Chrisna a.-Cet.1 a96 hlm :bIlus ;c21 cm aBibliografi, hlm 89 a978-602-98188-7-107aInd a636.3 a636.3 NAT p a636.3 NAT p L19-8 a.--Yogyakarta :bTrans Idea Publishing,c2013 2rdacontentateks 2rdamediaatanpa perantara 2rdacarrieravolume aTentang penulis, hlm 93; indeks, hlm 95 4aKelinci Hias0 apenyunting, ChrisnaePengarang aPUPAD260526 0  a1234/B/2013 a1235/B/2013